AH International Schools' Libraries

(Khmer) see you in 15 years / (Record no. 48255)

MARC details
000 -LEADER
fixed length control field 00255nam a2200097 4500
020 ## - INTERNATIONAL STANDARD BOOK NUMBER
International Standard Book Number 9789924907299
245 ## - TITLE STATEMENT
Title (Khmer) see you in 15 years /
Statement of responsibility, etc Mong Manith.
260 ## - PUBLICATION, DISTRIBUTION, ETC. (IMPRINT)
Place of publication, distribution, etc Cambodia:
Name of publisher, distributor, etc Love Books;
Date of publication, distribution, etc 2020.
300 ## - PHYSICAL DESCRIPTION
Extent 250 p.
Dimensions 21 cm.
942 ## - ADDED ENTRY ELEMENTS (KOHA)
Source of classification or shelving scheme
Koha item type YA KHMER FIC BOOKS
Holdings
Withdrawn status Lost status Source of classification or shelving scheme Damaged status Not for loan Collection code Home library Current library Date acquired Total Checkouts Full call number Barcode Checked out Date last seen Date checked out Price effective from Koha item type
          Siem Riep Asian Hope Secondary Library Asian Hope Secondary Library 01/29/2025 3 KHMER YA FIC MON 207404 06/14/2026 03/16/2026 03/16/2026 01/29/2025 YA KHMER FIC BOOKS

For any Logos Library related questions please contact Miss Art at swongnarasuk@asianhope.org.

For any Asian Hope Library related questions please contact Miss Raza at graza@asianhope.org.

Powered by Koha